000 00568nam a22002057a 4500
999 _c6339
_d6339
003 OSt
005 20190930163920.0
008 190930b ||||| |||| 00| 0 eng d
020 _a0051406910
040 _cDNLM
082 _aQW4 M626b 1980
100 _aDavis, Bernard [et...at]
_912965
245 _aMicrobiology: including immunology and molecular genetics
250 _a3rd ed.
260 _aCambridge;
_bHapper & Row,
_c1980
300 _axix,1355p;
_bIll:
_c26cm
504 _aReferences, & index included
650 _aMicrobiology
_9749
942 _2z
_cB_BANK